[Event "Krasnodar-ch"]
[Site "Krasnodar"]
[Date "2006.08.05"]
[Round "11"]
[White "Egorov, Sergei"]
[Black "Erdni Garyaev, Sergei"]
[Result "1-0"]
[WhiteElo "1995"]
[BlackElo "1917"]
[PlyCount "62"]
[EventDate "2006.07.28"]
[EventType "tourn"]
[EventRounds "11"]
[EventCountry "RUS"]
[SourceTitle "EXT 2008"]
[Source "ChessBase"]
[SourceDate "2007.11.25"]
[SourceVersion "1"]
[SourceVersionDate "2007.11.25"]
[SourceQuality "1"]

1. e4 c5 2. Nf3 e6 3. d4 cxd4 4. Nxd4 Bc5 5. Nb3 Bb6 6. Nc3 Ne7 7. e5 Nbc6 8. Qg4 0-0 9. f4 Nb4 10. Bd3 Nxd3+ 11. cxd3 d6 12. d4 Nf5 13. 0-0 dxe5 14. fxe5 Nxd4 15. Kh1 Nxb3 16. axb3 Qd4 17. Qg3 f5 18. Ra4 Qd7 19. Rh4 a6 20. Qh3 g6 21. Bg5 Qf7 22. Ne4 Qc7 23. Nf6+ Rxf6 24. Bxf6 Qf7 25. Rb4 Ba7 26. Rd1 h5 27. Qd3 Qe8 28. Qd8 Kf7 29. Qxe8+ Kxe8 30. Rd8+ Kf7 31. Rc4 Bd7 1-0

[Event "Krasnodar-ch"]
[Site "Krasnodar"]
[Date "2006.07.30"]
[Round "4"]
[White "Shovunov, Baatr"]
[Black "Erdni Garyaev, Sergei"]
[Result "1-0"]
[WhiteElo "2362"]
[BlackElo "1917"]
[PlyCount "87"]
[EventDate "2006.07.28"]
[EventType "tourn"]
[EventRounds "11"]
[EventCountry "RUS"]
[SourceTitle "EXT 2008"]
[Source "ChessBase"]
[SourceDate "2007.11.25"]
[SourceVersion "1"]
[SourceVersionDate "2007.11.25"]
[SourceQuality "1"]

1. e4 c5 2. Nf3 Nc6 3. Bb5 a6 4. Bxc6 bxc6 5. 0-0 g6 6. d3 Bg7 7. Nbd2 e6 8. e5 Ne7 9. Ne4 0-0 10. Bg5 h6 11. Bf6 Rb8 12. b3 Bxf6 13. Nxf6+ Kg7 14. Ne4 a5 15. Nxc5 Qb6 16. d4 f5 17. exf6+ Rxf6 18. Qe2 Qc7 19. c4 h5 20. Ne4 Rf8 21. c5 Nf5 22. Rad1 Qf4 23. Rfe1 h4 24. h3 Rb4 25. Qb2 Kh6 26. a3 Rb8 27. Ne5 Kh7 28. Rd3 Qh6 29. Rf3 Rb7 30. Ng4 Qg7 31. Ng5+ Kg8 32. Re4 Rb5 33. Ne5 Ba6 34. Rg4 Rb7 35. Nxg6 Rfb8 36. Ne5 Nh6 37. Nxe6 Qxg4 38. Nxg4 Nxg4 39. Ng5 Nh6 40. Qc2 d5 41. Qg6+ Rg7 42. Qxh6 Re8 43. Kh2 Bf1 44. Rf7 1-0

[Event "Krasnodar-ch"]
[Site "Krasnodar"]
[Date "2006.07.29"]
[Round "2"]
[White "Ubushiev, Andrey"]
[Black "Erdni Garyaev, Sergei"]
[Result "1-0"]
[WhiteElo "2213"]
[BlackElo "1917"]
[PlyCount "41"]
[EventDate "2006.07.28"]
[EventType "tourn"]
[EventRounds "11"]
[EventCountry "RUS"]
[SourceTitle "EXT 2008"]
[Source "ChessBase"]
[SourceDate "2007.11.25"]
[SourceVersion "1"]
[SourceVersionDate "2007.11.25"]
[SourceQuality "1"]

1. e4 c5 2. c3 e6 3. d4 cxd4 4. cxd4 Nf6 5. Nc3 Bb4 6. Bd3 Nc6 7. Nf3 d5 8. e5 Ne4 9. 0-0 Nxc3 10. bxc3 Bxc3 11. Rb1 Bxd4 12. Nxd4 Nxd4 13. Qg4 Nf5 14. Bxf5 exf5 15. Qxg7 Kd7 16. e6+ Kxe6 17. Re1+ Kd7 18. Qxf7+ Kc6 19. Bf4 b5 20. Rec1+ Kb6 21. Bc7+ 1-0